| 000 | 00401nam a2200181Ia 4500 | ||
|---|---|---|---|
| 001 | 3953 | ||
| 005 | 20260306145721.0 | ||
| 008 | 260306t2024||||xx |||||||||||||| ||spa|| | ||
| 041 | _aESP | ||
| 082 |
_a305.8098512 _bM58 |
||
| 100 |
_aMillones, Luis _eAUT |
||
| 245 | 0 | _aEl regreso de los tallanes | |
| 260 | _c2024 | ||
| 300 |
_a _c |
||
| 650 | _aGEN | ||
| 654 | _aCHU | ||
| 942 |
_cLIB _dJUS _fJUS _2ddc _n |
||
| 999 |
_c3953 _d3953 |
||